• 首页
  • 本馆介绍
  • 公告通知
  • 最新文献
  • 馆藏检索
  • 电子资源
  • 读者荐购
  • 参考咨询
  • CALIS
  • 我的图书馆
  • 登录
  • 详细信息显示
  • 放入我的书架
  • 预约/预借图书
  • 作者相关作品
  • 分类相关作品
  • 丛书相关作品
  • 出版社相关作品

书目信息

  • 表格格式
  • 工作单格式
  • 卡片格式
题名:
大学英语教学理论探究
    
 
作者: 黄菲菲 著
分册:  
出版信息: 哈尔滨   东北林业大学出版社  2024.06
页数: 149页
开本: 26cm
丛书名:
单 册:
中图分类: H319.3
科图分类:
主题词: 英语--教学研究--高等学校
电子资源:
ISBN: 978-7-5674-3519-3
 
 
 
 
 
000 00910nam0 2200229 450
001 013113854
005 20250924181006.88
010    @a978-7-5674-3519-3@dCNY62.00
100    @a20240905d2024 em y0chiy0120 ea
101 0  @achi
102    @aCN@b230000
105    @ay z 000yy
106    @ar
200 1  @a大学英语教学理论探究@9da xue ying yu jiao xue li lun tan jiu@f黄菲菲著
210    @a哈尔滨@c东北林业大学出版社@d2024.06
215    @a149页@d26cm
330    @a本书是大学英语教学方面的书籍,本书从大学英语概述入手,系统地介绍了大学英语教学理论,内容包括大学英语教学设计,大学英语教学方法,大学英语教学模式。然后对教学改革背景下的大学英语教学进行了分析研究,最后对教学改革背景下的大学英语师资队伍建设与教学评价提出了建议。
606 0  @a英语@x教学研究@x高等学校
690    @aH319.3@v5
701  0 @a黄菲菲@9huang fei fei@4著
801  0 @aCN@c20250905
905    @a河南城建学院图书馆@dH319.3@eH821@ZH821@f1
    
    大学英语教学理论探究/黄菲菲著.-哈尔滨:东北林业大学出版社,2024.06
    149页;26cm
    
    
    ISBN 978-7-5674-3519-3:CNY62.00
    本书是大学英语教学方面的书籍,本书从大学英语概述入手,系统地介绍了大学英语教学理论,内容包括大学英语教学设计,大学英语教学方法,大学英语教学模式。然后对教学改革背景下的大学英语教学进行了分析研究,最后对教学改革背景下的大学英语师资队伍建设与教学评价提出了建议。
●
相关链接 在E读中查询图书 在当当中查询图书 在豆瓣中查询图书


正题名:大学英语教学理论探究     索取号:H319.3/H821         预约/预借

序号 登录号 条形码 馆藏地/架位号 状态 备注
1 1631558   216315583   语言库209/209语言库 42排4列1层/ [索取号:H319.3/H821] 在馆    
河南城建学院图书馆 欢迎您!
大连网信软件有限公司© 版权所有